000 00473nam a2200145 a 4500
001 000036566
005 20200930075812.0
008 120120s1970 ve 000 0 spa d
040 _aDO-SdBNP
_bspa
_cBNPHU
245 0 3 _aLa crisis de homo sapiens /
_cBobert Ardrey ...[et. al].
260 _aCaracas,Venezuela :
_bEditora Arte,
_c1970.
300 _a250 p. ;
_c19 cm.
490 1 _aLibros de bolsillo de tiempo nuevo
_v6
830 0 _aLibros de bolsillo de tiempo nuevo
_v6
_94730
999 _c36057
_d36057